[Event "AUTO-OPEN-3148"]
[Site "http://www.queenalice.com/game.php?id=1242160"]
[Date "2013.12.23"]
[Round "1"]
[White "AlfilesDelRey"]
[Black "joaodias"]
[Result "1-0"]
[WhiteElo "1749"]
[BlackElo "1384"]

1. e4 d6 2. d4 e6 3. Nf3 b6 4. Bc4 a5 5. d5 exd5 6. Qxd5 Be6 7. Qxa8 Bxc4 8. Be3
c5 9. b3 Ba6 10. Qd5 Ne7 11. Qd2 Nbc6 12. a3 f5 13. Ng5 h6 14. Ne6 Qc8 15. Qxd6
fxe4 16. Nc7+ Kf7 17. Qf4+ Kg8 18. Nxa6 Qxa6 19. Qxe4 Rh7 20. Qe6+ Kh8 21. Qf7
Qc8 22. f4 Nf5 23. Bf2 Ncd4 24. Ra2 g5 25. Bxd4+ cxd4 26. Qf6+ Kg8 27. O-O Ne3
28. Re1 Qb7 29. Qe6+ Rf7 30. Rxe3 dxe3 31. c4 Qd7 32. Qxd7 Rxd7 33. Nc3 Rd3 34.
Rc2 Bg7 35. Kf1 Bxc3 36. fxg5 hxg5 37. Ke2 Rd2+ 38. Rxd2 exd2 39. h3 Kg7 40. b4
axb4 41. axb4 Bxb4 42. Kd1 Kf6 43. g3 Ke5 44. h4 gxh4 45. gxh4 Kd4 46. h5 Kxc4
47. Kc2 Kd4 48. h6 Bf8 49. h7 Bg7 50. Kxd2 b5 51. Kc2 Kc4 52. Kd1 b4 53. Kc2 b3+
54. Kb1 Kc3 55. h8=Q Bxh8 56. Kc1 b2+ 57. Kb1 Kd2 58. Ka2 Kc1 59. Kb3 1-0

[Event "AUTO-OPEN-3148"]
[Site "http://www.queenalice.com/game.php?id=1242161"]
[Date "2013.12.23"]
[Round "1"]
[White "joaodias"]
[Black "beckhamf2000"]
[Result "0-1"]
[WhiteElo "1476"]
[BlackElo "1721"]

1. d3 d5 2. e3 e5 3. a3 Nf6 4. h3 Bc5 5. g4 Nc6 6. b4 Bb6 7. c4 dxc4 8. dxc4
Qxd1+ 9. Kxd1 a5 10. b5 Ne7 11. f4 exf4 12. exf4 Ne4 13. Ne2 Nf2+ 14. Ke1 Nxh1
15. Bg2 Nf2 16. Kd2 O-O 17. a4 Be6 18. Ba3 Rfd8+ 19. Ke1 Rd1# 0-1

[Event "AUTO-OPEN-3148"]
[Site "http://www.queenalice.com/game.php?id=1242162"]
[Date "2013.12.23"]
[Round "1"]
[White "beckhamf2000"]
[Black "joaodias"]
[Result "1-0"]
[WhiteElo "1761"]
[BlackElo "1446"]

1. e4 d6 2. d4 e6 3. Nf3 h6 4. Bc4 a6 5. Bf4 b5 6. Bb3 g5 7. Bg3 f5 8. h4 g4 9.
Nfd2 c5 10. exf5 exf5 11. Bd5 Ra7 12. O-O h5 13. Re1+ Re7 14. c4 Bg7 15. cxb5
Bxd4 16. bxa6 Bxa6 17. Nc3 Nf6 18. Bc4 Bb7 19. Qb3 Be5 20. Bb5+ Kf8 21. Nc4 Bxc3
22. Qxc3 Rh6 23. Bxd6 Ne4 24. Bxe7+ Qxe7 25. Qe5 Qxe5 26. Nxe5 Rb6 27. a4 Nd6
28. Ng6+ Kg7 29. Nf4 Nxb5 30. axb5 Rxb5 31. Ra7 Nc6 32. Ra2 Kh6 33. Re6+ Kg7 34.
Nxh5+ Kh8 35. Nf4 Nd4 36. Re8+ Kg7 37. Ra7 Nc6 38. Ra2 Kf7 39. Re6 Nd4 40. Re5
Kf6 41. Re8 Be4 42. Ra6+ Kf7 43. Rc8 Nc6 44. Rcxc6 Bxc6 45. Rxc6 1-0

[Event "AUTO-INT-2782"]
[Site "http://www.queenalice.com/game.php?id=1242383"]
[Date "2013.12.24"]
[Round "1"]
[White "renet54"]
[Black "joaodias"]
[Result "1-0"]
[WhiteElo "1567"]
[BlackElo "1480"]

1. e4 d6 2. d4 e6 3. Nf3 h6 4. Nc3 g5 5. Be2 a6 6. O-O b5 7. b4 c5 8. Be3 cxb4
9. Nd5 exd5 10. exd5 Bb7 11. Re1 Bxd5 12. Bd3 Qd7 13. Bxg5+ Be7 14. Bd2 Bb7 15.
Bxb4 Nf6 16. Rb1 Rg8 17. Nh4 Nd5 18. Bxd6 Qxd6 19. Nf5 Qc6 20. Rxe7+ Nxe7 21. f3
Nxf5 22. Bxf5 Qxf3 23. Qxf3 Bxf3 24. Re1+ Kd8 25. Kf2 Bd5 26. Re5 Rxg2+ 27. Ke3
Bc6 28. Kf4 Rxh2 29. d5 Nd7 30. Bxd7 Bxd7 31. d6 h5 32. Kg5 h4 33. Kf6 Be6 34.
Rh5 Kd7 35. Rh7 1-0

[Event "AUTO-INT-2782"]
[Site "http://www.queenalice.com/game.php?id=1242384"]
[Date "2013.12.24"]
[Round "1"]
[White "joaodias"]
[Black "renet54"]
[Result "0-1"]
[WhiteElo "1494"]
[BlackElo "1532"]

1. d3 d5 2. e3 e5 3. a3 Nf6 4. h3 Bd6 5. g4 d4 6. e4 Nc6 7. b4 b5 8. g5 Nxe4 9.
dxe4 Be6 10. f3 a5 11. bxa5 Rxa5 12. Bd2 b4 13. a4 Ra8 14. Bb5 Bd7 15. Bxc6 Bxc6
16. a5 Bb5 17. h4 Qd7 18. Nh3 Ba6 19. f4 exf4 20. Bxf4 Qe7 21. Qxd4 Rd8 22. Bxd6
Rxd6 23. Qe3 Qd7 24. Kf2 O-O 25. c3 f6 26. cxb4 fxg5+ 27. Kg2 Qg4+ 28. Qg3 Qxe4+
29. Kh2 Bb7 30. Nc3 Rd2+ 31. Nf2 Rfxf2+ 32. Kh3 Bc8+ 0-1

[Event "AUTO-INT-2782"]
[Site "http://www.queenalice.com/game.php?id=1242399"]
[Date "2013.12.24"]
[Round "1"]
[White "joaodias"]
[Black "Givanildo"]
[Result "1-0"]
[WhiteElo "1469"]
[BlackElo "1418"]

1. d3 e6 2. e3 Qf6 3. f4 h5 4. h3 Ne7 5. g3 h4 6. g4 g5 7. fxg5 Qxg5 8. e4 Qe5
9. Qf3 b6 10. Bg2 Nbc6 11. Ne2 Nb4 12. Na3 Ba6 13. Nf4 O-O-O 14. Nh5 f5 15. Bf4
Qxb2 16. exf5 Qxa1+ 17. Kd2 Qxa2 18. Qa8# 1-0

[Event "AUTO-INT-2782"]
[Site "http://www.queenalice.com/game.php?id=1242400"]
[Date "2013.12.24"]
[Round "1"]
[White "Givanildo"]
[Black "joaodias"]
[Result "1-0"]
[WhiteElo "1387"]
[BlackElo "1496"]

1. e3 d6 2. Qf3 e6 3. Bc4 a6 4. a4 d5 5. Bb3 Nf6 6. h3 c5 7. c4 Qb6 8. Ra3 d4 9.
a5 Qc7 10. Ba4+ Bd7 11. Bxd7+ Nbxd7 12. e4 Ne5 13. Qd1 Nxe4 14. d3 Nd6 15. Bf4
f6 16. Bxe5 fxe5 17. Qh5+ Nf7 18. Nd2 b5 19. Ngf3 b4 20. Ra4 g6 21. Qg4 Qc6 22.
Ne4 Qxa4 23. Qxe6+ Kd8 24. Qd5+ Ke7 25. Qxa8 Qa1+ 26. Ke2 Qxh1 27. Qb7+ Kd8 28.
Nf6 Be7 29. Qd7# 1-0

[Event "AUTO-OPEN-3150"]
[Site "http://www.queenalice.com/game.php?id=1242660"]
[Date "2013.12.25"]
[Round "1"]
[White "danbotoy"]
[Black "joaodias"]
[Result "1-0"]
[WhiteElo "2529"]
[BlackElo "1498"]

1. Nf3 d6 2. e4 e6 3. d4 a6 4. Bd3 b5 5. O-O h6 6. a4 bxa4 7. Nc3 g5 8. Rxa4 g4
9. Nd2 h5 10. Nb3 Bd7 11. Ra1 f5 12. Re1 Ne7 13. exf5 exf5 14. Bg5 Nc6 15. Bc4
Qc8 16. Nd5 Kd8 17. Qe2 Rh7 18. Bxa6 Qb8 19. Na5 Nxd4 20. Qc4 Qa7 21. Nb7+ Kc8
22. Qxc7# 1-0

[Event "AUTO-OPEN-3150"]
[Site "http://www.queenalice.com/game.php?id=1242661"]
[Date "2013.12.25"]
[Round "1"]
[White "joaodias"]
[Black "danbotoy"]
[Result "0-1"]
[WhiteElo "1443"]
[BlackElo "2519"]

1. d3 e5 2. e3 d5 3. a3 Nf6 4. h3 Bd6 5. g4 h6 6. b4 a5 7. bxa5 O-O 8. f4 exf4
9. exf4 Re8+ 10. Be2 Nc6 11. g5 Nh5 12. Nf3 Bxf4 13. Bxf4 Nxf4 14. Nc3 hxg5 15.
Ng1 Qf6 16. Qd2 Nd4 17. Kd1 Ndxe2 18. Ngxe2 Nxe2 19. Nxe2 Qxa1+ 20. Nc1 g4 21.
Qg5 gxh3 22. Qxd5 Bg4+ 23. Kd2 Qxa3 24. Nb3 Qb4+ 25. Kc1 Re1+ 26. Kb2 c6 27. Qg5
Rxh1 0-1

[Event "AUTO-OPEN-3150"]
[Site "http://www.queenalice.com/game.php?id=1242688"]
[Date "2013.12.25"]
[Round "1"]
[White "Aspayne"]
[Black "joaodias"]
[Result "1-0"]
[WhiteElo "1992"]
[BlackElo "1466"]

1. e4 d6 2. Nc3 a6 3. g3 b5 4. Bg2 Bb7 5. f4 f5 6. d3 Nf6 7. Nge2 b4 8. Nd5 fxe4
9. dxe4 Nxd5 10. exd5 e6 11. O-O exd5 12. Bxd5 c6 13. Bg2 Qd7 14. Nd4 c5 15.
Re1+ Be7 16. Bxb7 Qxb7 17. Nf5 Nc6 18. Nxd6+ Kf8 19. Nxb7 Nd4 20. Rxe7 Kxe7 21.
Nxc5 Rad8 22. Be3 Ne6 23. Qg4 Nxc5 24. Bxc5+ Kf6 25. Qg5+ Ke6 26. Re1+ Kd7 27.
Qd5+ Kc8 28. Qc6+ Kb8 29. Ba7+ Kxa7 30. Re7+ Rd7 31. Rxd7+ Kb8 32. Qb7# 1-0

[Event "AUTO-OPEN-3150"]
[Site "http://www.queenalice.com/game.php?id=1242689"]
[Date "2013.12.25"]
[Round "1"]
[White "joaodias"]
[Black "Aspayne"]
[Result "0-1"]
[WhiteElo "1468"]
[BlackElo "1990"]

1. d3 d5 2. e3 e5 3. a3 Nf6 4. h3 Bd6 5. g4 Nc6 6. b4 Be6 7. g5 Nd7 8. b5 Ne7 9.
a4 O-O 10. h4 c5 11. f4 Nf5 12. Qf3 e4 13. dxe4 dxe4 14. Qf2 c4 15. Bh3 Bb4+ 16.
c3 Nc5 17. Bf1 Ba5 18. Ba3 Qb6 19. Bxc5 Qxc5 20. Rh3 Rad8 21. Ne2 Rd3 22. Nd4
Rxc3 23. Nxc3 Bxc3+ 24. Ke2 Bxa1 25. Nc2 Rd8 26. Nxa1 c3 27. Ke1 Rd2 28. Qg1 c2
29. Nxc2 Qxc2 30. Be2 Rxe2+ 31. Kf1 Qd1# 0-1

[Event "AUTO-OPEN-3150"]
[Site "http://www.queenalice.com/game.php?id=1242708"]
[Date "2013.12.25"]
[Round "1"]
[White "joaodias"]
[Black "Michihall"]
[Result "0-1"]
[WhiteElo "1427"]
[BlackElo "1855"]

1. d3 e5 2. e3 Nf6 3. h3 d5 4. a3 Nc6 5. g4 h6 6. b4 a6 7. Bb2 Bd6 8. Ne2 O-O 9.
Ng3 Re8 10. f3 e4 11. f4 g5 12. Nh5 Nxh5 13. gxh5 f6 0-1

[Event "AUTO-OPEN-3150"]
[Site "http://www.queenalice.com/game.php?id=1242709"]
[Date "2013.12.25"]
[Round "1"]
[White "Michihall"]
[Black "joaodias"]
[Result "1-0"]
[WhiteElo "1857"]
[BlackElo "1425"]

1. d4 d6 2. c4 e6 3. g3 h6 4. Nc3 a6 5. Bg2 g5 6. e4 Bg7 7. Nf3 g4 8. Nd2 h5 9.
O-O Bxd4 10. Ne2 Ba7 11. b3 h4 12. gxh4 Qxh4 13. h3 1-0

[Event "AUTO-INT-2783"]
[Site "http://www.queenalice.com/game.php?id=1243023"]
[Date "2013.12.26"]
[Round "1"]
[White "areis"]
[Black "joaodias"]
[Result "1-0"]
[WhiteElo "1894"]
[BlackElo "1448"]

1. e4 d6 2. d4 e6 3. Nf3 h6 4. c4 a6 5. Nc3 g5 6. h3 f5 7. exf5 exf5 8. Bd3 Ne7
9. b3 c6 10. Bb2 b5 11. cxb5 axb5 12. Ne2 f4 13. d5 Rg8 14. Bh7 Bg7 15. Bxg8
Bxb2 16. Rb1 Qa5+ 17. Qd2 Qxa2 18. O-O Nxg8 19. Rxb2 Qa7 20. dxc6 Nxc6 21. Qxd6
Nce7 22. Rd2 Bf5 23. Rfd1 1-0

[Event "AUTO-INT-2783"]
[Site "http://www.queenalice.com/game.php?id=1243024"]
[Date "2013.12.26"]
[Round "1"]
[White "joaodias"]
[Black "areis"]
[Result "0-1"]
[WhiteElo "1450"]
[BlackElo "1892"]

1. d3 Nf6 2. e3 c5 3. a3 d5 4. h3 Bd7 5. g4 h6 6. f4 e6 7. h4 Bc6 8. g5 hxg5 9.
fxg5 Nh5 10. Qf3 Qc7 11. Ne2 Bd6 12. Bh3 Bg3+ 13. Kd1 d4 14. e4 g6 15. Bg4 Be5
16. Bxh5 Rxh5 17. b4 cxb4 18. axb4 Na6 19. c3 dxc3 20. Nbxc3 Nxb4 21. Rf1 Rxh4
22. Be3 a5 23. d4 Qd7 0-1

[Event "AUTO-INT-2783"]
[Site "http://www.queenalice.com/game.php?id=1243045"]
[Date "2013.12.26"]
[Round "1"]
[White "saturnin"]
[Black "joaodias"]
[Result "1-0"]
[WhiteElo "1452"]
[BlackElo "1408"]

1. b4 d6 2. d4 e6 3. a3 a6 4. g3 h6 5. Bg2 g5 6. Bb2 d5 7. Nf3 Bg7 8. Qd2 b5 9.
e3 Nd7 10. Nc3 f5 11. O-O g4 12. Ne1 h5 13. a4 Rb8 14. axb5 axb5 15. Nd3 c6 16.
f3 Rb7 17. Nf4 Nf8 18. Ra6 Bd7 19. fxg4 hxg4 20. Rfa1 Bc8 21. Ra8 Bf6 22. R1a6
Rc7 23. Ra5 Rch7 24. h3 gxh3 25. Nxh3 Rxh3 26. Bxh3 Rxh3 27. Rb8 1-0

[Event "AUTO-INT-2783"]
[Site "http://www.queenalice.com/game.php?id=1243046"]
[Date "2013.12.26"]
[Round "1"]
[White "joaodias"]
[Black "saturnin"]
[Result "0-1"]
[WhiteElo "1423"]
[BlackElo "1437"]

1. d3 e6 2. e3 d5 3. a3 c5 4. h3 b6 5. g4 Be7 6. Nf3 Bd6 7. h4 Ne7 8. g5 Ng6 9.
c3 Bb7 10. h5 Ne5 11. Nbd2 Ba6 12. h6 Nxf3+ 13. Nxf3 g6 14. b4 Be7 15. e4 dxe4
16. dxe4 Qxd1+ 17. Kxd1 O-O 18. Ne5 Rd8+ 19. Kc2 Bxf1 20. Rxf1 f6 21. gxf6 Bxf6
22. Bf4 Nd7 23. Nxd7 Rxd7 24. bxc5 bxc5 25. e5 g5 26. Rg1 Be7 27. Bxg5 Bxg5 0-1